LDR 00694naa#a2200181#i#450# 001 EN\\bibl\126614 005 20260703003754.5 011 ## _a2222-7962 100 ## _a20260628b2026####ek#y0engy0150####ca 102 ## _aRU 200 1# _aThe mechanism of wastewater formation from artificial green areas in urbanized territories _eJournal article 210 1# _aVoronezh _cFSBE Institution of Higher Education Voronezh State University of Forestry and Technologies named after G.F. Morozov _d2026 215 ## _a13 с. 608 ## _aJournal article _2local 675 ## _aЛесное хозяйство. Лесоводство. 630 _z 700 #1 _aMazurik _gDaria Igorevna 700 #1 _aDyagileva _gA. B. 856 4# _anaukaru.ru _u